000 00701cam a2200217 4500500
005 20260405001558.0
041 _afre
042 _adc
100 1 0 _aLacroix, Alexandre
_eauthor
245 0 0 _aJohn Perry: « Des quantités impressionnantes d’heures perdues pour mon plus grand plaisir »
260 _c2013.
500 _a51
690 _aAlexandre Lacroix
690 _aJohn Perry
690 _aProcrastination
690 _aSmartphone
690 _atéléphone
690 _aTemps
786 0 _nPhilosophie magazine | 73 | 10 | 2013-10-01 | p. 31-31 | 1951-1787
856 4 1 _uhttps://shs.cairn.info/magazine-philosophie-magazine-2013-10-page-31?lang=fr&redirect-ssocas=7080
999 _c2048986
_d2048986